000 01810cam a2200397 a 4500
001 13712170
005 20230721140906.0
008 040907s2004 nyuab b 001 0 eng c
010 _a 2004302411
020 _a0824709780 (acidfree paper)
035 _a(OCoLC)ocm56079061
040 _aIUL
_cIUL
_dDLC
042 _apcc
050 0 0 _aZ672
_b.G56 2004
082 _223
_a020
245 0 0 _aGlobal librarianship /
_cedited by Martin Alan Kesselman, Irwin Weintraub.
260 _aNew York :
_bMarcel Dekker,
_cc2004.
300 _axvi, 320 p. :
_bill., 1 map ;
_c24 cm.
490 1 _aBooks in library and information science ;
_v67
504 _aIncludes bibliographical references and indexes.
505 0 _aRoots of global librarianship -- Libraries in a global perspective -- Libraries and education in the global community -- Global information flow and access -- Global digital libraries -- Selected bibliography of literature on global librarianship.
650 0 _aInternational librarianship.
_95358
650 0 _aDigital libraries.
_95359
650 0 _aLibraries
_xInternational cooperation.
_95360
650 0 _aInformation services
_xInternational cooperation.
_95361
650 0 _aLibraries and community.
_95362
650 0 _aLibraries and education.
_95363
700 1 _aKesselman, Martin Alan.
_95364
700 1 _aWeintraub, Irwin.
_95365
830 0 _aBooks in library and information science ;
_vv. 67.
_95366
856 4 1 _3Table of contents only
_uhttp://www.loc.gov/catdir/toc/fy0604/2004302411.html
856 4 2 _3Publisher description
_uhttp://www.loc.gov/catdir/enhancements/fy0647/2004302411-d.html
906 _a7
_bcbc
_cpccadap
_d2
_encip
_f20
_gy-gencatlg
942 _2ddc
_cBK
999 _c6613
_d6613